000 00417nam a22001697a 4500
003 MPLRDC
005 20220104143234.0
008 210129b ||||| |||| 00| 0 eng d
082 _a177.2 SCYF
100 _a丝川英夫
245 _a厚黑成功术
_c
260 _a
_b新高出版社
_c1992
300 _b
490 _a心理学书系列
650 _a应用心理学--成功法
942 _cBK
_o177.2 SCYF
999 _c37951
_d37941